书目信息 |
| 题名: |
形象舞蹈创意荟
|
|
| 作者: | 胡伟 , 武巍峰 , 候燕 , 郭倩 主编 | |
| 分册: | ||
| 出版信息: | 上海 上海音乐出版社 2019.12 |
|
| 页数: | 139页 | |
| 开本: | 23×25cm | |
| 丛书名: | ||
| 单 册: | ||
| 中图分类: | J732.3 | |
| 科图分类: | ||
| 主题词: | 儿童舞蹈--高等师范院校--教材 | |
| 电子资源: | ||
| ISBN: | 978-7-5523-1892-0 | |
| 000 | 01039nam0 2200301 45 | |
| 001 | 012001001586 | |
| 005 | 20130912164323.0 | |
| 010 | @a978-7-5523-1892-0@dCNY68.00 | |
| 100 | @a20200713d2019 em y0chiy0110 ea | |
| 101 | 0 | @achi |
| 102 | @aCN@b310000 | |
| 105 | @aag z 000yy | |
| 106 | @ar | |
| 200 | 1 | @a形象舞蹈创意荟@Axing xiang wu dao chuang yi hui@f胡伟[等]主编 |
| 210 | @a上海@c上海音乐出版社@d2019.12 | |
| 215 | @a139页@c图@d23×25cm@e1光盘 | |
| 300 | @a幼儿趣味舞蹈系列 首都师范大学音乐与舞蹈学“新时代”学科建设创新工程 | |
| 305 | @a题名页出版者题:上海音乐出版社,上海文艺音像电子出版社 | |
| 307 | @a附光盘:ISBN 978-7-88945-060-7 | |
| 330 | @a本书是一部舞蹈教材,共分十二课,由认识、模仿、想象、实践、拓展、评价共六个部分组成。 | |
| 606 | 0 | @a儿童舞蹈@x高等师范院校@j教材 |
| 690 | @aJ732.3@v5 | |
| 701 | 0 | @a胡伟@Ahu wei@4主编 |
| 701 | 0 | @a武巍峰@Awu wei feng@4主编 |
| 701 | 0 | @a候燕@Ahou yan@4主编 |
| 701 | 0 | @a郭倩@Aguo qian@4主编 |
| 801 | @aCN@b江苏凤凰@c20211018 | |
| 905 | @b1344081-4@dJ732.3@e310@f4 | |
| 形象舞蹈创意荟/胡伟[等]主编.-上海:上海音乐出版社,2019.12 |
| 139页:图;23×25cm+1光盘 |
| 幼儿趣味舞蹈系列 首都师范大学音乐与舞蹈学“新时代”学科建设创新工程 |
| ISBN 978-7-5523-1892-0:CNY68.00 |
| 本书是一部舞蹈教材,共分十二课,由认识、模仿、想象、实践、拓展、评价共六个部分组成。 |
| ● |
| 相关链接 |
|
|
|
|
正题名:形象舞蹈创意荟
索取号:J732.3/310
 
预约/预借
| 序号 | 登录号 | 条形码 | 馆藏地/架位号 | 状态 | 备注 |
| 1 | 1344081 | 213440819 | 第一样本阅览室/ [索取号:J732.3/310] | 在馆 | |
| 2 | 1344082 | 213440828 | 第一借阅区/ [索取号:J732.3/310] | 在馆 | |
| 3 | 1344083 | 213440837 | 第一借阅区/ [索取号:J732.3/310] | 在馆 | |
| 4 | 1344084 | 213440846 | 第一借阅区/ [索取号:J732.3/310] | 在馆 |